000 01254cam a22003371 4500
001 c 67000435
003 DLC
005 20260227111036.0
008 050819s1936 cc 000 0 chi
010 _ac 67000435
035 _a(CStRLIN)DCLP05-B17316
040 _aDLC-R
_cDLC-R
043 _aa-cc---
050 0 0 _aLA1131
_b.K88
066 _c$1
245 0 0 _6880-01
_aGuo fang jiao yu yu ge ke jiao yu,
_cWang Maozu deng bian zhu.
260 _6880-02
_aNanjing,
_bZheng zhong shu ju,
_cMinguo 25 [1936]
300 _a2, 6, 177 p.
_c21 cm.
440 0 _6880-03
_aGuo fang jiao yu cong shu
500 _6880-04
_aColophon, cover and spine title: Guo fang jiao yu yu ge ke jiao xue.
650 0 _aEducation
_zChina.
651 0 _aChina
_xDefenses.
700 1 _6880-05
_aWang, Maozu,
_d1891?-
740 0 _6880-06
_aGuo fang jiao yu yu ge ke jiao xue.
880 0 0 _6245-01/$1
_a國防 敎育 與 各科 敎育
_c汪 懋祖 等 編著.
880 _6260-02/$1
_a南京
_b正中 書局
_c民國25 [1936]
880 0 _6440-03/$1
_a國防 教育 叢書
880 _6500-04/$1
_aColophon, cover and spine title: 國防 敎育 與 各科 敎學.
880 1 _6700-05/$1
_a汪 懋祖,
_d1891?-
880 0 _6740-06/$1
_a國防 敎育 與 各科 敎學.
999 _c12924
_d12924